000 00223 a2200097 4500
020 _a9788983140463
041 _aspa
100 _aJong, Paul c
245 _aRealmente has nacido de nuevo por agua y el espiritu
942 _cBK
999 _c11416
_d11416